Patriots Top 10 All-Time Receiving Yards - Statistics

General Stats
  • This quiz has been taken 22 times
  • The average score is 6 of 10
Answer Stats
Yards Player % Correct
4. 6,822 Julian Edelman
100%
2. 7,861 Rob Gronkowski
100%
3. 7,459 Wes Welker
95%
5. 6,366 Troy Brown
67%
1. 10,352 Stanley Morgan
62%
7. 5,471 Ben Coates
48%
6. 5,726 Irving Fryar
29%
9. 4,669 Terry Glenn
29%
10. 4,589 Gino Cappelletti
14%
8. 5,001 Jim Colclough
10%
No matching quizzes found
Score Distribution
Percent of People with Each Score
Percentile by Number Answered
Your Score History
You have not taken this quiz